00312pab a2200121 454500008004000000100002000040245006000060260000900120300001400129650001500143700002100158773001100179180718b2006 xxu||||| |||| 00| 0 eng d aGreasley, David aEmployment and total factor: a productivity convergence c2006 ap.527-55. aEmployment aMadsen, Jacob B. aKyklos